ბათუმის შოთა რუსთაველის სახელმწიფო უნივერსიტეტის ბიბლიოთეკა

გამოყენებითი მექანიკა (მექანიზმების თეორია და მანქანათა ნაწილები) : სახელმძღვ. / (ბიბ.ჩანაწერი № 38947)

000 -ლიდერი
ფიქსირებული სიგრძის საკონტროლო ველი 01095nam a2200229Ia 4500
001 - საკონტროლო ნომერი
საკონტროლო ველი 5384
003 - საკონტროლო ნომრის იდენტიფიკატორი
საკონტროლო ველი GE_BSU
005 - ბოლო ოპერაციის თარიღი და დრო
საკონტროლო ველი 20190621160652.0
008 - ფიქსირებული სიგრძის მონაცემთა ელემენტები - ზოგადი ინფორმაცია
ფიქსირებული სიგრძის საკონტროლო ველი 181216s1978|||| |||||||||||||| ||geo||
041 ## - ენის კოდი
Language code of text/sound track or separate title geo
080 ## - უნივერსალური ათობითი კლასიფიკაციის ინდექსი
Universal Decimal Classification number 621.03(075.8)+621.01(075.8) ქ-57
100 ## - მთავარი ჩანაწერი - პიროვნების სახელი
Personal name ქათამაძე, დ.
9 (RLIN) 2201
245 ## - ცნობა სათაურის შესახებ
Title გამოყენებითი მექანიკა (მექანიზმების თეორია და მანქანათა ნაწილები) : სახელმძღვ. /
Statement of responsibility, etc დ. ქათამაძე ; დ. ჭელიძე ; რედ : ე. გძელიძე.
264 ## - წარმოების, გამოცემის, დისტრიბუციის და სხვა ცნობები
გამოცემის, წარმოების, დისტრიბუციის... ადგილი თბილისი :
გამოცემის, წარმოების, დისტრიბუციის... სახელწოდება განათლება,
გამოცემის, წარმოების, დისტრიბუციის... თარიღი 1978.
300 ## - ფიზიკური აღწერა
Extent 494 გვ .:
Other physical details ნახაზ.
Dimensions 22 სმ.
504 ## - BIBLIOGRAPHY, ETC. NOTE
Bibliography, etc ბიბლიოგრ.: გვ.487-488
653 ## - INDEX TERM--UNCONTROLLED
Uncontrolled term გამოყენებითი მექანიკა
653 ## - INDEX TERM--UNCONTROLLED
Uncontrolled term ტეაქნიკა
700 ## - ADDED ENTRY--PERSONAL NAME
Personal name ჭელიძე, დ.
9 (RLIN) 2202
700 ## - ADDED ENTRY--PERSONAL NAME
Personal name გძელიძე, ე
Relator term რედაქტორი
9 (RLIN) 2327
942 ## - ADDED ENTRY ELEMENTS (KOHA)
Koha item type წიგნი
Source of classification or shelving scheme
ეგზემპლარები
ჩამოწერის სტატუსი დაკარგული ეგზემპლარის სტატუსი კლასიფიკაციის წყარო ან თაროზე გაწყობის სქემა დაზიანების სტატუსი არ გაიცემა მუდმივი მდებარეობა (დაცვის ადგილი) ამჟამინდელი ადგილსამყოფელი თაროზე განთავსების ადგილი შეძენის თარიღი ღირებულება, შესყიდვის ნორმალური ფასი სრული შენახვის შიფრი შტრიხკოდი ბოლო ოპერაციის თარიღი ეგზემპლარის მიმდევრობითი ნომერი (კეტერი?) ფასის ძალაში შესვლის თარიღი ეგზემპლარის სახეობა საჯარო შენიშვნა
          ტექნოლოგიური ფაკულტეტის ბიბლიოთეკა ტექნოლოგიური ფაკულტეტის ბიბლიოთეკა წიგნსაცავი 2018-12-17 3.00 621.03(075.8)+621.01(075.8) ქ-57 10704 2018-12-17 10704 2018-12-17 წიგნი 3 ლ. 80 თ.
          ტექნოლოგიური ფაკულტეტის ბიბლიოთეკა ტექნოლოგიური ფაკულტეტის ბიბლიოთეკა წიგნსაცავი 2018-12-17 3.00 621.03(075.8)+621.01(075.8) ქ-57 10705 2018-12-17 10705 2018-12-17 წიგნი 3 ლ. 80 თ.
          ტექნოლოგიური ფაკულტეტის ბიბლიოთეკა ტექნოლოგიური ფაკულტეტის ბიბლიოთეკა წიგნსაცავი 2018-12-17 3.00 621.03(075.8)+621.01(075.8) ქ-57 10706 2018-12-17 10706 2018-12-17 წიგნი 3 ლ. 80 თ.